000 00707nam a22001937a 4500
005 20251108165841.0
008 250721s1999 xx 000 0 ara d
082 1 4 _a628.4/عمي
100 1 _aعميش، صادق عبد علي
245 1 0 _aإستخلاص أيونات المعادن الثقيلة من مياه الصناعة العادمة :
_bالمشروعات البحثية المدعومة /
264 1 _aعمان :
_bالمجلس الأعلى للعلوم،
_c1999.
300 _a104ص
650 1 7 _aالهندسة الصحية
650 1 7 _aتكنولوجيا النفايات
650 1 7 _aالمعادن
650 1 7 _aالمياه العادمة
942 _2ddc
_cBK
999 _c32895
_d32895